Principles of Biostatistics (Record no. 32867)

MARC details
000 -LEADER
fixed length control field 00428nam a22001817a 4500
003 - CONTROL NUMBER IDENTIFIER
control field SGT
020 ## - INTERNATIONAL STANDARD BOOK NUMBER
International Standard Book Number 9780367355807
082 ## - DEWEY DECIMAL CLASSIFICATION NUMBER
Classification number 612.015
Item number P22P
100 ## - MAIN ENTRY--PERSONAL NAME
Personal name Pagano, Marcello
245 ## - TITLE STATEMENT
Title Principles of Biostatistics
250 ## - EDITION STATEMENT
Edition statement 3rd Ed.
260 ## - PUBLICATION, DISTRIBUTION, ETC. (IMPRINT)
Place of publication, distribution, etc Boca Raton
Name of publisher, distributor, etc CRC Press
Year of Publication 2022
300 ## - PAGE DESCRIPTION
No. of Pages 604
650 ## - SUBJECT ADDED ENTRY--TOPICAL TERM
Topical term or geographic name as entry element Public Health Dentistry
700 ## - ADDED ENTRY--PERSONAL NAME
Personal name Gauvreau, Kimberlee
700 ## - ADDED ENTRY--PERSONAL NAME
Personal name Mattie, Heather
942 ## - ADDED ENTRY ELEMENTS (KOHA)
Source of classification or shelving scheme Dewey Decimal Classification
Koha item type Books
Holdings
Withdrawn status Lost status Source of classification or shelving scheme Damaged status Use restrictions Not for loan Home library Current library Shelving location Date acquired Vendor Name Cost, normal purchase price SGTU Bill Number Total Checkouts Full call number Accession No. (Barcode) Date last seen Bill Date Koha item type
    Dewey Decimal Classification   Restricted Access Not For Loan SGT Dental Library SGT Dental Library New Materials Shelf 24/10/2025 Ahuja Book Co. Pvt. Ltd. 9769.00 SGTU 21713   612.015 P22P FD10027 24/10/2025   Books